000 00769nas a2200253 4500
001 BR2015006113
003 BR-BrBNA
005 20231205125829.0
007 ta
008 230509b bl.|||p| |||| 00| 00por d
040 _aBR-BrBNA
_bpor
_cBiblioteca Nacional de Agricultura
041 _a(Pt)
072 _aQ03
100 1 _aSantos, M.G. dos
100 1 _aTravagin, B.N.F.
100 1 _aPorto, E.
245 1 _aEficiência do processo CIP sobre biofilmes de Listeria monocytogenes
650 _aLATICÍNIO
650 _aCONTAMINAÇÃO
650 _aHIGIENE DE ALIMENTO
773 0 _tHigiene Alimentar (Brazil)
_xISSN 0101-9171
_g(Jul-Aug 2015), v. 29(246-247) p. 159-164
_wBR2015006113
909 _a202311
_bLúcia
_c55
_dLúcia Elande
942 _2AGRIS
_n0
_cANA
999 _c246401
_d246401